[Event "BDO Challenger"]
[Site "Haarlem NED"]
[Date "2009.08.18"]
[Round "4"]
[White "Strating,S"]
[Black "Van Ojik,M"]
[Result "0-1"]
[WhiteElo "2340"]
[BlackElo "2245"]

1.d4 Nf6 2.c4 e6 3.Nf3 Bb4+ 4.Bd2 a5 5.g3 O-O 6.Bg2 d5 7.Qc2 dxc4 8.Qxc4 Qe7
9.O-O c5 10.Bxb4 cxb4 11.Ne5 Nbd7 12.Nd2 Nxe5 13.dxe5 Nd7 14.f4 Ra7 15.Ne4 b6
16.Rac1 Ba6 17.Qc2 h6 18.Rfd1 Rc8 19.Qd2 Rac7 20.Rxc7 Rxc7 21.Kf2 f5 22.exf6 Nxf6
23.Nxf6+ gxf6 24.Qd6 Qxd6 25.Rxd6 Rc2 26.Rxe6 Bc4 27.Rc6 Rxe2+ 28.Kf3 Rc2
29.Kg4 Rxg2 30.Rxc4 Rxb2 31.Kf5 Kf7 32.Rc6 b5 33.Rxf6+ Ke7 34.Rb6 Rxh2 35.Rxb5 Rh5+
36.Kg6 Rxb5 37.f5 Rb6+  0-1

[Event "16th Vienna Open"]
[Site "Vienna AUT"]
[Date "2009.08.19"]
[Round "5"]
[White "Demuth,A"]
[Black "Chabanon,JL"]
[Result "1/2-1/2"]
[WhiteElo "2339"]
[BlackElo "2439"]

1.d4 Nf6 2.c4 e6 3.Nf3 Bb4+ 4.Bd2 Qe7 5.g3 O-O 6.Bg2 Bxd2+ 7.Qxd2 d6 8.Nc3 Re8
9.O-O e5 10.e4 Bg4 11.Ne1 exd4 12.Qxd4 Qe5 13.Qe3 Bd7 14.Nd3 Qa5 15.h3 Na6
16.Qd2 Rad8 17.Rfe1 h6 18.Rad1 Qh5 19.Nd5 Nxd5 20.cxd5 c5 21.dxc6 Bxc6 22.Nb4 Nxb4
23.Qxb4 Qc5 24.Qxc5 dxc5 25.e5 Bxg2 26.Kxg2 Rxd1 27.Rxd1 Rxe5 28.Rd8+ Kh7
29.Rd7 b5 30.Rxa7 Re2 31.Rc7 c4 32.b3 cxb3 33.axb3 Rb2 34.Rxf7 Rxb3 35.Rb7 Kg6
36.h4 h5 37.Rb8 Kf6 38.Rf8+ Ke6 39.Rg8 Kf7 40.Rh8 g6 41.Rb8 Kf6  1/2-1/2

[Event "XXVI Open A"]
[Site "Collado Villalba ESP"]
[Date "2009.08.22"]
[Round "2"]
[White "Elissalt Cardenas,H"]
[Black "Luna Hermoso,A"]
[Result "1-0"]
[WhiteElo "2317"]
[BlackElo "2115"]

1.d4 Nf6 2.Nf3 e6 3.c4 Bb4+ 4.Bd2 a5 5.Qc2 O-O 6.e4 d5 7.e5 Ne4 8.Bd3 f5
9.exf6 Nxf6 10.Bxb4 axb4 11.c5 Nc6 12.O-O Ne4 13.Bxe4 dxe4 14.Qxe4 Rxf3 15.Qxf3 Nxd4
16.Qe4 Nb3 17.axb3 Rxa1 18.Qxb4 Qd3 19.Nd2 Ra2 20.Nc4 Qd4 21.c6 bxc6 22.Qb8 Qd8
23.Ne3 Ra5 24.Rd1 Rd5 25.Nxd5 exd5 26.Ra1 Qe8 27.h3 Bd7 28.Qxc7 h5 29.Ra7 h4
30.Kh2 Qf8 31.f4 Kh7 32.Qe5 Qf5 33.Qxf5+ Bxf5 34.Rc7 Bc2 35.Rxc6 Bxb3 36.Rc3 Ba2
37.Kg1 Kg6 38.Kf2 Kf5 39.Ke3 Bb1 40.Kd4 Be4 41.b4 Bxg2 42.b5 Bf1 43.b6 Ba6
44.Ra3 Bb7 45.Ra7 Bc8 46.b7  1-0

[Event "5th Geller Mem Open A"]
[Site "Odessa UKR"]
[Date "2009.08.22"]
[Round "3"]
[White "Fiodorov,M"]
[Black "Varanitsa,Y"]
[Result "1-0"]
[WhiteElo "2219"]
[BlackElo "1940"]

1.d4 Nf6 2.Nf3 e6 3.c4 Bb4+ 4.Bd2 Qe7 5.Nc3 d6 6.Qa4+ Nc6 7.d5 Bxc3 8.dxc6 Bxd2+
9.Nxd2 O-O 10.cxb7 Bxb7 11.f3 c5 12.e3 Nd7 13.Be2 Nb6 14.Qa5 Qg5 15.Kf2 Rfc8
16.Rhd1 d5 17.cxd5 exd5 18.Rac1 c4 19.Nf1 Qe7 20.b3 h6 21.bxc4 dxc4 22.e4 Rc5
23.Qc3 Rac8 24.Ne3 Qe6 25.Nf5 f6 26.Rd6 Qe5 27.Qxe5 Rxe5 28.Rc3 Kf8 29.Ra3 Ra8
30.Rd2 Bc6 31.Rc2 Rc5 32.Nd6 Ke7 33.Nxc4 Nxc4 34.Rxc4 Rxc4 35.Bxc4 a5 36.Ke3 Kd6
37.Bd5 Bxd5 38.Rd3 Kc6 39.Rxd5 Ra7 40.a4 Kb6 41.h4 Rc7 42.h5 Rc4 43.Rd4 Rc5
44.g4 Kc6 45.Kf4 Rg5 46.Rc4+ Kd6 47.Rc8 Kd7 48.Ra8 Kc7 49.Ra6 Kb7 50.Rd6 Kc7
51.Rd5 g6 52.Rxg5 fxg5+ 53.Ke5  1-0

[Event "XI Sants Open"]
[Site "Barcelona ESP"]
[Date "2009.08.23"]
[Round "3"]
[White "Cruz,Jon"]
[Black "Alonso Rosell,A"]
[Result "1-0"]
[WhiteElo "2292"]
[BlackElo "2461"]

1.d4 Nf6 2.Nf3 e6 3.c4 Bb4+ 4.Bd2 a5 5.g3 b6 6.Bg2 Bb7 7.O-O O-O 8.Bf4 Be7
9.Nc3 Na6 10.Qc2 d5 11.cxd5 Nxd5 12.Nxd5 exd5 13.Rac1 c5 14.h4 h6 15.Rfd1 Qc8
16.Qb3 Qe6 17.dxc5 Nxc5 18.Qc2 Rac8 19.Nd4 Qf6 20.Qf5 Ne6 21.Rxc8 Rxc8 22.Qxf6 Bxf6
23.Nf5 Nxf4 24.gxf4 Rc2 25.b4 axb4 26.Rb1 Rxe2 27.Rxb4 Bc8 28.Ng3 Re1+ 29.Kh2 d4
30.Rxb6 Be6 31.a4 Ra1 32.Rb8+ Kh7 33.Be4+ g6 34.h5 Rxa4 35.hxg6+ fxg6 36.Rb6 Ra2
37.Kg2 d3 38.Rxe6 d2 39.Rd6 Bc3 40.Bxg6+ Kg8 41.Ne4 Bb4 42.Rd7 Ra6 43.f5  1-0

[Event "XXVI Open A"]
[Site "Collado Villalba ESP"]
[Date "2009.08.23"]
[Round "3"]
[White "San Segundo Carrillo,P"]
[Black "Hernandez Gallardo,F"]
[Result "1/2-1/2"]
[WhiteElo "2570"]
[BlackElo "2352"]

1.d4 Nf6 2.c4 e6 3.Nf3 Bb4+ 4.Bd2 Bxd2+ 5.Qxd2 O-O 6.g3 d5 7.Bg2 Nbd7 8.O-O Re8
9.Qc3 c6 10.Nbd2 Qc7 11.Ne5 Nxe5 12.dxe5 Nd7 13.f4 f6 14.exf6 Qb6+ 15.Kh1 Nxf6
16.Nf3 Ne4 17.Qb3 Nf2+ 18.Rxf2 Qxf2 19.e3 Qe2 20.Ne5 Qh5  1/2-1/2

[Event "24th Open"]
[Site "Schwarzach AUT"]
[Date "2009.08.23"]
[Round "9"]
[White "Platzgummer,F"]
[Black "Palac,M"]
[Result "1/2-1/2"]
[WhiteElo "2308"]
[BlackElo "2582"]

1.d4 Nf6 2.c4 e6 3.Nf3 Bb4+ 4.Bd2 a5 5.g3 d6 6.Bg2 Nbd7 7.O-O e5 8.Bc1 exd4
9.Nxd4 O-O 10.Nc2 Bc5 11.b3 c6  1/2-1/2

[Event "XXVI Open A"]
[Site "Collado Villalba ESP"]
[Date "2009.08.24"]
[Round "4"]
[White "Teske,H"]
[Black "Moreno Ruiz,J"]
[Result "1/2-1/2"]
[WhiteElo "2536"]
[BlackElo "2418"]

1.d4 Nf6 2.c4 e6 3.Nf3 Bb4+ 4.Bd2 Qe7 5.g3 Nc6 6.Bg2 Bxd2+ 7.Nbxd2 O-O 8.O-O d6
9.e4 e5 10.d5 Nb8 11.Ne1 a5 12.Nd3 Na6 13.f4 c6 14.Qb3 Nd7 15.Qa3 Ndc5 16.fxe5 dxe5
17.Nb3 b6 18.Nbxc5 Nxc5 19.Rad1 Bg4 20.Bf3 Bxf3 21.Rxf3 cxd5 22.Nxc5 bxc5
23.Rxd5 Rfc8 24.Rb3 Qg5 25.Re3 Qe7 26.Red3 Rc7 27.Rb3 h5 28.Rb5 Qg5 29.Qc3 Re8
30.Rxa5 h4 31.Raxc5 Rxc5 32.Rxc5 Re6 33.Rd5 hxg3 34.hxg3 Qh5 35.Qd2 Rh6 36.Qg2 Qg5
37.Qf3 Qc1+ 38.Rd1 Qxb2 39.Rd8+  1/2-1/2

[Event "9th UIL&UL GM"]
[Site "Dahka BAN"]
[Date "2009.08.26"]
[Round "7"]
[White "Islam,Kh"]
[Black "Rahman,SM"]
[Result "1-0"]
[WhiteElo "2316"]
[BlackElo "2256"]

1.d4 Nf6 2.Nf3 e6 3.c4 Bb4+ 4.Bd2 Qe7 5.g3 b6 6.Bg2 Bb7 7.O-O O-O 8.Qc2 Bxd2
9.Nbxd2 Nc6 10.e4 e5 11.d5 Nd8 12.b4 c5 13.bxc5 bxc5 14.Ne1 d6 15.Nd3 Bc8
16.f4 Ng4 17.Rae1 f6 18.Nf3 Rb8 19.Nh4 g6 20.Nf3 Kg7 21.Qe2 Nf7 22.h3 Ngh6
23.Rf2 Ba6 24.Qc2 Bc8 25.Nd2 Bd7 26.Rd1 Qd8 27.Qc3 Qe7 28.Qa5 Qd8 29.Qc3 Qe7
30.Qc1 Rb7 31.Kh2 Ng8 32.Qc3 Rbb8 33.Nb3 Rfe8 34.Rb2 f5 35.Rf2 Ngh6 36.Re1 Qf6
37.exf5 exf4 38.Qxf6+ Kxf6 39.Re6+ Bxe6 40.fxe6 Nd8 41.Rxf4+ Kg7 42.Nd2 Nf5
43.Ne4 Rb6 44.Ndf2 Rf8 45.Ng4 Nb7 46.Ngf6 Ne7 47.g4 Rb2 48.Rf3 h6 49.Kg3 Rb6
50.Ra3 Rxf6 51.Nxf6 Kxf6 52.Rf3+ Ke5 53.Rf7 Nc8 54.Rc7  1-0

[Event "XXVI Open A"]
[Site "Collado Villalba ESP"]
[Date "2009.08.27"]
[Round "7"]
[White "San Segundo Carrillo,P"]
[Black "Sanchez Gonzalez,S"]
[Result "1-0"]
[WhiteElo "2570"]
[BlackElo "2305"]

1.d4 Nf6 2.c4 e6 3.Nf3 Bb4+ 4.Bd2 a5 5.Nc3 d6 6.g3 Nbd7 7.Bg2 e5 8.O-O exd4
9.Nxd4 O-O 10.Nc2 Bc5 11.b3 Ne5 12.h3 c6 13.Be3 Bxe3 14.Nxe3 Qe7 15.Qd2 Rd8
16.Rad1 Ng6 17.Nc2 d5 18.e4 d4 19.Nxd4 Qc5 20.Qe3 Qh5 21.g4 Bxg4 22.hxg4 Nxg4
23.Qh3 Nh4 24.Qg3 Nxg2 25.Kxg2 Qg5 26.Nf5 h5 27.f4 Qf6 28.Rfe1 g6 29.Nd6 h4
30.Qxg4 Qxc3 31.e5 a4 32.b4 Qc2+ 33.Qe2 Qc3 34.Qe3 Qxb4 35.Rb1 Qa5 36.Rxb7 a3
37.Re2 Rab8 38.Rxb8 Rxb8 39.e6  1-0

[Event "6th Open"]
[Site "Kalamaria GRE"]
[Date "2009.08.27"]
[Round "7"]
[White "Jaracz,P"]
[Black "Panchanathan,M"]
[Result "1/2-1/2"]
[WhiteElo "2539"]
[BlackElo "2493"]

1.d4 Nf6 2.c4 e6 3.Nf3 Bb4+ 4.Bd2 Qe7 5.g3 Nc6 6.Nc3 Bxc3 7.Bxc3 Ne4 8.Rc1 O-O
9.Bg2 d6 10.d5 Nd8 11.Nd2 Nxc3 12.Rxc3 e5 13.c5 f5 14.cxd6 cxd6 15.Qb3  1/2-1/2

[Event "XXVI Open A"]
[Site "Collado Villalba ESP"]
[Date "2009.08.28"]
[Round "8"]
[White "Elissalt Cardenas,H"]
[Black "Moreno Ruiz,J"]
[Result "0-1"]
[WhiteElo "2317"]
[BlackElo "2418"]

1.d4 Nf6 2.c4 e6 3.Nf3 Bb4+ 4.Bd2 Qe7 5.g3 Nc6 6.Bg2 Bxd2+ 7.Qxd2 Ne4 8.Qc2 Qb4+
9.Kf1 d5 10.Na3 O-O 11.e3 Qe7 12.Kg1 Nb4 13.Qb3 a5 14.Nc2 Rd8 15.Nxb4 axb4
16.c5 b6 17.Ne5 Bb7 18.f3 Nxc5 19.dxc5 bxc5 20.Kf2 c4 21.Qc2 f6 22.Ng4 h5
23.h3 hxg4 24.hxg4 Qf7 25.a4 b3 26.Qh7+ Kf8 27.a5 d4 28.exd4 Rxd4 29.Rhd1 Qd7
30.Qh8+ Kf7 31.Qh5+ Kg8 32.Ke1 Rd8  0-1

[Event "2nd WTeam w"]
[Site "Ningbo CHN"]
[Date "2009.09.02"]
[Round "1"]
[White "Hoang Thi Bao Tram"]
[Black "Dzagnidze,N"]
[Result "1/2-1/2"]
[WhiteElo "2265"]
[BlackElo "2535"]

1.d4 Nf6 2.Nf3 e6 3.c4 Bb4+ 4.Bd2 a5 5.Nc3 d5 6.e3 O-O 7.Qc2 b6 8.cxd5 exd5
9.Bd3 Re8 10.O-O Ba6 11.Rac1 Bxd3 12.Qxd3 Ne4 13.Rfd1 Nxd2 14.Rxd2 c6 15.Rdc2 a4
16.a3 Bd6 17.Qf5 g6 18.Qh3 Kg7 19.Ne2 Ra7 20.Qh4 Rae7 21.Ng3 f6 22.Qg4 Kh8
23.Qh4 Re6 24.Ne1 Kg7 25.Nd3 f5 26.Qxd8 Rxd8 27.Ne2 g5 28.g3 Kf6 29.Kg2 Rg8
30.Rh1 h6 31.h4 g4 32.Rhc1 Rd8 33.Nc3 b5 34.Na2 Ke7 35.Nab4 Bxb4 36.Nxb4 Rdd6
37.Nd3 Nd7 38.Ne5 Nxe5 39.dxe5 Rxe5 40.Rxc6 d4 41.exd4 Re2 42.R6c2 Rxc2 43.Rxc2 Rxd4
44.Rc5 b4 45.Rxf5 Rd2 46.Ra5 Rxb2 47.Rxa4 bxa3 48.Rxa3 Rb5 49.Ra6 h5 50.Kf1 Re5
51.Ra3 Kf6 52.Re3 Ra5 53.Re8 Ra1+ 54.Ke2 Ra2+ 55.Ke3 Ra3+ 56.Ke2 Ra2+ 57.Kf1 Ra1+
58.Re1 Ra2 59.Rd1 Rb2 60.Rd5 Kg6 61.Ke1 Ra2 62.Rd2 Ra5 63.Rb2 Re5+ 64.Kd2 Ra5
65.Rb3 Re5 66.Kd3 Rf5 67.Rb2 Rf3+ 68.Ke2 Ra3 69.Rb6+ Kg7 70.Rd6 Rf3 71.Ke1 Kh7
72.Rd4 Kg6 73.Rf4 Rxf4 74.gxf4 Kf5 75.Kf1 Ke4 76.Kg1 Kxf4 77.Kg2  1/2-1/2

[Event "6th LGA Premium Cup"]
[Site "Nuernberg GER"]
[Date "2009.09.04"]
[Round "3"]
[White "Siebrecht,S"]
[Black "Willim,M"]
[Result "0-1"]
[WhiteElo "2458"]
[BlackElo "2155"]

1.d4 Nf6 2.Nf3 e6 3.c4 Bb4+ 4.Bd2 Qe7 5.Qc2 Bxd2+ 6.Nbxd2 d6 7.e4 e5 8.Be2 Bg4
9.O-O O-O 10.Rfe1 Bxf3 11.Nxf3 exd4 12.Nxd4 Nc6 13.Nxc6 bxc6 14.Bf3 Qe5 15.b4 Rab8
16.Rab1 c5 17.b5 Nd7 18.g3 Rfe8 19.Bg2 Qh5 20.h3 Nf8 21.Re3 Ne6 22.Ra3 Nd4
23.Qd3 Ra8 24.e5 Rad8 25.Rxa7 dxe5 26.Qe3 f5 27.Rxc7 f4 28.Qe4 Ne2+ 29.Kh2 Nc3
30.Qb7 fxg3+ 31.fxg3 Nxb1 32.Rxg7+ Kh8 33.Rg4 Qh6 34.b6 Nc3 35.Qf3 Nd1 36.b7 Qf8
37.Qb3 Rd2 38.Qb5 Ne3  0-1

[Event "4th Xtracon Skovbo"]
[Site "Borup DEN"]
[Date "2009.09.05"]
[Round "3"]
[White "Akdag,D"]
[Black "Marshall,Mi"]
[Result "1-0"]
[WhiteElo "2188"]
[BlackElo "1904"]

1.d4 Nf6 2.c4 e6 3.Nf3 Bb4+ 4.Bd2 Qe7 5.g3 Nc6 6.Bg2 Bxd2+ 7.Qxd2 Ne4 8.Qd3 Qb4+
9.Nbd2 Nxd2 10.Qxd2 Qxc4 11.O-O d5 12.Rfc1 Qa6 13.a4 O-O 14.b4 Qb6 15.Rab1 a5
16.b5 Ne7 17.Qf4 Qd6 18.Rxc7 Qxf4 19.gxf4 Nf5 20.e3 f6 21.Rbc1 b6 22.R1c6 Rb8
23.Bh3 g6 24.Kg2 Rd8 25.Bxf5 gxf5 26.Re7 Bd7 27.Rc7 Be8 28.Rxe6 Rdc8 29.Rxb6 Rxc7
30.Rxb8 Kf7 31.Ra8  1-0

[Event "6th LGA Premium Cup"]
[Site "Nuernberg GER"]
[Date "2009.09.05"]
[Round "5"]
[White "Ruecker,Be"]
[Black "Baramidze,D"]
[Result "1/2-1/2"]
[WhiteElo "2258"]
[BlackElo "2527"]

1.d4 Nf6 2.c4 e6 3.Nf3 Bb4+ 4.Bd2 c5 5.a3 Bxd2+ 6.Qxd2 cxd4 7.Nxd4 O-O 8.Nc3 b6
9.e4 d5 10.cxd5 exd5 11.exd5 Nxd5 12.Be2 Bb7 13.O-O Nc6 14.Nxc6 Bxc6 15.Nxd5 Qxd5
16.Qxd5 Bxd5  1/2-1/2

[Event "2nd WTeam w"]
[Site "Ningbo CHN"]
[Date "2009.09.06"]
[Round "5"]
[White "Danielian,E"]
[Black "Dzagnidze,N"]
[Result "0-1"]
[WhiteElo "2489"]
[BlackElo "2535"]

1.d4 Nf6 2.Nf3 e6 3.c4 Bb4+ 4.Bd2 Qe7 5.Nc3 b6 6.g3 Bb7 7.Bg2 O-O 8.O-O d6
9.a3 Bxc3 10.Bxc3 Nbd7 11.b4 c5 12.Qb3 Rfc8 13.Rfd1 d5 14.dxc5 bxc5 15.Nd2 Rab8
16.Bxf6 Nxf6 17.b5 h5 18.a4 Rd8 19.Qa3 Ng4 20.Rac1 Rbc8 21.Qf3 Ba8 22.h3 d4
23.Qa3 Bxg2 24.Kxg2 Nf6 25.Qf3 e5 26.Ne4 Nxe4 27.Qxe4 Rd6 28.Qf5 Rf8 29.e4 g6
30.Qf3 f5 31.Re1 Rdf6 32.exf5 Rxf5 33.Qd5+ Kg7 34.f4 Re8 35.Re4 Qc7 36.Rce1 Rd8
37.Qe6 exf4 38.gxf4 Rdf8 39.Qxf5 Rxf5 40.Re7+ Rf7 41.Rxc7 Rxc7 42.a5 Rd7
43.Kf3 d3 44.Rb1 Kf6 45.b6 axb6 46.axb6 d2 47.Ke2 Kf5 48.Kd1 Rb7 49.Kxd2 Kxf4
50.Kd3 g5 51.Rf1+ Kg3 52.Rf5 Kh4 53.Rxc5 Rxb6 54.Rb5 Rg6 55.Ke4 Kxh3 56.Kf5 Rg8
57.Rb3+ Kh4 58.Rb1 g4 59.Rh1+ Kg3 60.Rxh5 Rc8 61.Rh1 Rxc4 62.Ra1 Kh3 63.Rh1+ Kg2
64.Rh4 Kg3 65.Rh8 Rf4+ 66.Ke5 Rb4 67.Rf8 Kg2  0-1

[Event "TCh-SRB 1st League"]
[Site "Kragujevac SRB"]
[Date "2009.09.08"]
[Round "7"]
[White "Miljkovic,Mir1"]
[Black "Stojanovic,Mih"]
[Result "0-1"]
[WhiteElo "2467"]
[BlackElo "2584"]

1.d4 Nf6 2.c4 e6 3.Nf3 Bb4+ 4.Bd2 Qe7 5.g3 Nc6 6.Bg2 Bxd2+ 7.Nbxd2 O-O 8.O-O d6
9.Qc2 e5 10.d5 Nb8 11.b4 e4 12.Nd4 e3 13.Ne4 exf2+ 14.Nxf2 a5 15.bxa5 Rxa5
16.e4 Ra8 17.Rae1 Nbd7 18.Nf5 Qd8 19.Nd3 Ng4 20.c5 Nge5 21.c6 bxc6 22.dxc6 Ba6
23.Nxe5 Nxe5 24.Rf4 Bc4 25.Ra1 Ra6 26.Nd4 Qa8 27.Rf2 Qa7 28.Rd2 Ra3 29.Rad1 Rxa2
30.Qc1 Rxd2 31.Rxd2 Rb8 32.h3 g6 33.Kh2 Qb6 34.Qc3 Qc5 35.Rc2 Rb1 36.Qe3 Rd1
37.Rd2 Rxd2 38.Qxd2 Nxc6 39.Nxc6 Qxc6 40.e5 Qc5 41.exd6 Qxd6 42.Qc3 Be6 43.h4 h5
44.Bc6 Bf5 45.Qf3 Qd2+ 46.Kg1 Kg7 47.Kh1 Bg4 48.Qe4 Qd1+ 49.Kg2 Qe2+ 50.Qxe2 Bxe2
51.Kf2 Bg4 52.Ke3 Kf6 53.Kd4 g5 54.Bd5 gxh4 55.gxh4 Ke7 56.Kc5 f5 57.Bg2 Ke6
58.Kd4 Kd6 59.Bf1 c5+ 60.Ke3 Ke5  0-1

[Event "ch-RUS HL"]
[Site "Ulan Ude RUS"]
[Date "2009.09.10"]
[Round "8"]
[White "Riazantsev,A"]
[Black "Bocharov,D"]
[Result "1/2-1/2"]
[WhiteElo "2646"]
[BlackElo "2607"]

1.d4 Nf6 2.c4 e6 3.Nf3 Bb4+ 4.Bd2 a5 5.Qc2 d5 6.a3 Be7 7.Nc3 O-O 8.Bg5 Nbd7
9.e3 c6 10.Rd1 h6 11.Bh4 b6 12.cxd5 exd5 13.Bd3 Ba6 14.Bxa6 Rxa6 15.O-O Ra8
16.Rfe1 Rc8 17.Ne5 Re8 18.Nxd7 Nxd7 19.Bxe7 Qxe7 20.e4 dxe4 21.Rxe4 Qd6 22.h3 Nf6
23.Rxe8+ Rxe8 24.Qb3 Nd5 25.Nxd5  1/2-1/2

[Event "4th Xtracon Skovbo"]
[Site "Borup DEN"]
[Date "2009.09.12"]
[Round "7"]
[White "Meyer,L"]
[Black "Rosenkilde,A"]
[Result "0-1"]
[WhiteElo "2268"]
[BlackElo "2180"]

1.d4 Nf6 2.c4 e6 3.Nf3 Bb4+ 4.Bd2 Qe7 5.g3 Nc6 6.Bg2 O-O 7.O-O Bxd2 8.Qxd2 d6
9.Nc3 e5 10.Nd5 Nxd5 11.cxd5 Nxd4 12.Nxd4 exd4 13.Qxd4 Re8 14.Bf3 Qe5 15.Rfd1 Bf5
16.Rac1 Rac8 17.Rc3 g5 18.Qa4 Kf8 19.e3 a6 20.Bg4 h6 21.Bxf5 Qxf5 22.Qd4 Re5
23.f4 gxf4 24.exf4 Re2 25.Re3 Rxe3 26.Qxe3 Re8 27.Qd4 Kg8 28.Kf2 Qh5 29.Rd2 Qxh2+
30.Kf3 Qh1+ 31.Kg4 f5+ 32.Kxf5 Qh5+ 33.Kf6 Qf7+  0-1

[Event "Uxbridge Congress Open"]
[Site "Uxbridge ENG"]
[Date "2009.09.19"]
[Round "3"]
[White "Arkell,K"]
[Black "Slavin,A"]
[Result "0-1"]
[WhiteElo "2478"]
[BlackElo "2331"]

1.d4 Nf6 2.Nf3 e6 3.c4 Bb4+ 4.Bd2 Qe7 5.g3 Bxd2+ 6.Qxd2 Ne4 7.Qc2 Qb4+ 8.Nbd2 Nxd2
9.Nxd2 Nc6 10.e3 O-O 11.Bg2 e5 12.d5 Nb8 13.O-O Qe7 14.f4 d6 15.f5 Nd7 16.b4 a5
17.a3 Qg5 18.Qd3 Nf6 19.e4 g6 20.Rae1 axb4 21.axb4 Bd7 22.h3 gxf5 23.exf5 Kh8
24.g4 Rg8 25.Nf3 Qg7 26.Qe2 h6 27.Qf2 Nh7 28.Nd2 f6 29.Ra1 Rxa1 30.Rxa1 h5
31.Ra3 hxg4 32.Rg3 Qg5 33.Be4 Ra8 34.Rxg4 Qh6 35.Rh4 Qg5+ 36.Rg4 Qh5 37.Kh2 Ra2
38.Rg2 Qh6 39.h4 Ng5 40.Qg3 Rxd2 41.Qg4 Rxg2+ 42.Bxg2 Nf7  0-1

[Event "TCh-ROU Superliga"]
[Site "Eforie Nord ROU"]
[Date "2009.09.22"]
[Round "4"]
[White "Nisipeanu,LD"]
[Black "Iordachescu,V"]
[Result "1-0"]
[WhiteElo "2664"]
[BlackElo "2607"]

1.Nf3 Nf6 2.c4 e6 3.d4 Bb4+ 4.Bd2 c5 5.Bxb4 cxb4 6.g3 O-O 7.Bg2 d6 8.O-O Nc6
9.a3 bxa3 10.Nxa3 e5 11.Nb5 a6 12.dxe5 dxe5 13.c5 e4 14.Ng5 Bh3 15.Qxd8 Raxd8
16.Nd6 Bxg2 17.Kxg2 h6 18.Ngxe4 Nxe4 19.Nxe4 Rfe8 20.Ra4 Rd4 21.Rxd4 Nxd4
22.f3 Nb3 23.Rd1 f5 24.Rd3 Nc1 25.Rd1 Nb3 26.Nc3 Nxc5 27.Rd5 Ne6 28.Kf2 f4
29.Rd7 b5 30.Ra7 b4 31.Ne4 Rc8 32.Rxa6 Nd4 33.Rd6 Nf5 34.Rb6 fxg3+ 35.Nxg3 Nxg3
36.hxg3 Rc4 37.b3 Rd4 38.Ke3  1-0

[Event "XingQiu Open"]
[Site "Lishui CHN"]
[Date "2009.09.22"]
[Round "6"]
[White "Dzagnidze,N"]
[Black "Sukandar,I"]
[Result "0-1"]
[WhiteElo "2535"]
[BlackElo "2310"]

1.d4 Nf6 2.c4 e6 3.Nf3 Bb4+ 4.Bd2 Be7 5.g3 d5 6.Bg2 O-O 7.O-O c6 8.Qc2 b6
9.Bg5 Bb7 10.Rd1 Nbd7 11.Nc3 h6 12.Bf4 Rc8 13.Ne5 Nh5 14.Qa4 Nxf4 15.gxf4 Nxe5
16.fxe5 f6 17.Qxa7 Qc7 18.cxd5 cxd5 19.Rac1 Bd8 20.Nb5 Qxc1 21.Rxc1 Rxc1+
22.Bf1 Bc6 23.Nd6 fxe5 24.dxe5 d4 25.Qa3 Bg5 26.f3 Be3+ 27.Kg2 Rc5 28.h4 Rf4
29.Kg3 Rc1 30.Bg2 Rf8 31.Qb3 Bd5 32.Qxb6 Bf4+ 33.Kh3 Bxe5 34.Ne4 Rb8 35.Qa5 Rc2
36.Bf1 d3 37.Qa6 d2 38.Nxd2 Rxd2 39.b3 Ra8 40.Qb5 Rdxa2 41.h5 Rf8 42.Qd7 Bxb3
43.Kh4 Ra1 44.Qd3 Rxf1 45.Qxb3 Rh1+  0-1

[Event "18th TCh-CRO"]
[Site "Sibenik CRO"]
[Date "2009.09.23"]
[Round "3"]
[White "Postny,E"]
[Black "Tratar,M"]
[Result "1-0"]
[WhiteElo "2651"]
[BlackElo "2478"]

1.d4 Nf6 2.c4 e6 3.Nf3 Bb4+ 4.Bd2 Qe7 5.g3 Nc6 6.Nc3 Bxc3 7.Bxc3 Ne4 8.Rc1 O-O
9.Bg2 a5 10.O-O Nxc3 11.Rxc3 d6 12.d5 Nb4 13.a3 Na6 14.dxe6 fxe6 15.Nd2 c6
16.Qc2 e5 17.Rd1 Bf5 18.Be4 g6 19.Bxf5 gxf5 20.Nf1 Rf6 21.b3 Raf8 22.Qb1 Nc5
23.b4 Ne4 24.Re3 axb4 25.axb4 Ng5 26.Nd2 f4 27.gxf4 Rxf4 28.Rg3 Kh8 29.f3 d5
30.cxd5 cxd5 31.Kh1 Rxb4 32.Qa2 Rh4 33.Qxd5 Nh3 34.Ne4 Rxe4 35.Rxh3 Rxe2
36.Rg1 Qf7 37.Qb5 Re3 38.Qc5 Qf4 39.Qe7 Qf7 40.Rxh7+  1-0

[Event "TCh-ROU w Superliga"]
[Site "Eforie Nord ROU"]
[Date "2009.09.25"]
[Round "7"]
[White "Taposu Matei,A"]
[Black "Ilie,M"]
[Result "1/2-1/2"]
[WhiteElo "1756"]
[BlackElo "1935"]

1.d4 Nf6 2.Nf3 e6 3.c4 Bb4+ 4.Bd2 Qe7 5.g3 Nc6 6.Bg2 Bxd2+ 7.Nbxd2 O-O 8.O-O d6
9.e3 e5 10.dxe5 dxe5 11.Qc2 Rd8 12.a3 a5 13.Rad1 Bg4 14.h3 Bh5 15.g4 Bg6
16.Qc1 Bd3 17.Rfe1 e4 18.Nd4 Nxd4 19.exd4 Rxd4 20.Nxe4 Nxe4 21.Rxd3 Rxd3
22.Bxe4 Qd6 23.Bxd3 Qxd3 24.Qe3  1/2-1/2

[Event "TCh-ROU w Superliga"]
[Site "Eforie Nord ROU"]
[Date "2009.09.26"]
[Round "8"]
[White "Olarasu,Io"]
[Black "Paulet,I"]
[Result "0-1"]
[WhiteElo "1769"]
[BlackElo "2342"]

1.d4 Nf6 2.c4 e6 3.Nf3 Bb4+ 4.Bd2 a5 5.a3 Be7 6.g3 O-O 7.Bg2 d5 8.Qc2 Nbd7
9.O-O Ne4 10.cxd5 exd5 11.Bf4 Bd6 12.Bxd6 Nxd6 13.Nc3 Nf6 14.Ne5 Bf5 15.Qb3 c6
16.Na4 Nfe4 17.Rfd1 h5 18.Rac1 h4 19.g4 Bc8 20.Nb6 a4 21.Qb4 Rb8 22.f3 Ng5
23.Nxc8 Rxc8 24.Qxa4 h3 25.Bh1 f5 26.Qc2 f4 27.b4 Ndf7 28.Ng6 Nd6 29.Nxf8 Qxf8
30.Qg6 Qe7 31.Kf1 Re8 32.Qd3 Qf6 33.Re1 Re3 34.Qd2 Nc4 35.Rxc4 dxc4 36.d5 c3
37.Qd1 Nf7 38.dxc6 Qxc6 39.Qc2 Ne5 40.Rd1 Qg6 41.Qb3+ Kh7 42.Rd8 c2 43.Qg8+ Kh6
44.Qh8+ Kg5 45.Rc8 Nc6  0-1

[Event "TCh-ISL 2009-10"]
[Site "Rekjavik ISL"]
[Date "2009.09.26"]
[Round "3"]
[White "Henrichs,T"]
[Black "Gretarsson,Hj"]
[Result "1-0"]
[WhiteElo "2461"]
[BlackElo "2320"]

1.d4 Nf6 2.c4 e6 3.Nf3 Bb4+ 4.Bd2 Qe7 5.g3 Nc6 6.Nc3 Bxc3 7.Bxc3 Ne4 8.Rc1 Nxc3
9.Rxc3 d6 10.d5 Nb8 11.dxe6 fxe6 12.Bg2 O-O 13.O-O a5 14.Nd4 c6 15.Qd2 Na6
16.Ra3 Nb4 17.Nb3 b6 18.Nd4 Bb7 19.Re3 e5 20.a3 Qf7 21.Nf3 Qxc4 22.b3 Qb5
23.axb4 Qxb4 24.Qc2 h6 25.Nh4 a4 26.bxa4 Qxa4 27.Qb1 Ra6 28.Nf5 Rf6 29.Qd3 Ra8
30.Nxd6 Ba6 31.Qe4  1-0

[Event "18th TCh-CRO"]
[Site "Sibenik CRO"]
[Date "2009.09.26"]
[Round "6"]
[White "Kozul,Z"]
[Black "Tratar,M"]
[Result "1-0"]
[WhiteElo "2588"]
[BlackElo "2478"]

1.d4 Nf6 2.Nf3 e6 3.c4 Bb4+ 4.Bd2 Qe7 5.g3 Nc6 6.Bg2 Bxd2+ 7.Nbxd2 d6 8.e4 a5
9.O-O e5 10.d5 Nb8 11.c5 O-O 12.cxd6 cxd6 13.Qa4 Bd7 14.Qa3 b5 15.Rfc1 Na6
16.Ne1 Nc5 17.f3 Rfc8 18.Qe3 Qd8 19.Bf1 Ne8 20.f4 f6 21.b3 Rab8 22.a3 Qb6
23.f5 Na6 24.Qxb6 Rxb6 25.Rxc8 Bxc8 26.Rc1 Bd7 27.Nd3 Kf8 28.b4 axb4 29.axb4 Ke7
30.Kf2 Kd8 31.g4 Rb7 32.Ra1 Ra7 33.h4 h6 34.Be2 Ra8 35.Nb3 Kc7 36.Ke3 Kb6
37.Kd2 Rc8 38.Na5 Ra8 39.Kc3 Rc8+ 40.Kb3 Ra8 41.Kc3 Rc8+ 42.Kb2 Rc7 43.Nb3 Rc8
44.Nd2 Nec7 45.Kb3 Rh8 46.Nf2 Ne8 47.Nd1 Nac7 48.Nc3 Rg8 49.Nf1 Na6 50.Ne3 Nac7
51.h5 Na6 52.Nxb5  1-0

[Event "TCh-ISL 2009-10"]
[Site "Rekjavik ISL"]
[Date "2009.09.27"]
[Round "4"]
[White "Maze,S"]
[Black "Ulfarsson,M"]
[Result "1-0"]
[WhiteElo "2515"]
[BlackElo "2380"]

1.d4 Nf6 2.Nf3 e6 3.c4 Bb4+ 4.Bd2 Qe7 5.g3 Nc6 6.Nc3 O-O 7.Bg2 d6 8.O-O Bxc3
9.Bxc3 e5 10.d5 Nb8 11.Nd2 Nbd7 12.e4 a5 13.b3 Nc5 14.a3 Bg4 15.Qc2 c6 16.b4 axb4
17.axb4 Na6 18.h3 Bd7 19.Qb2 c5 20.b5 Nc7 21.f4 Rxa1 22.Qxa1 Ra8 23.Qd1 Nfe8
24.Qf3 f6 25.Ra1 Qd8 26.Qd1 Rxa1 27.Qxa1 Qa8 28.Qa5 Qxa5 29.Bxa5 Kf7 30.f5 Ke7
31.g4 Na8 32.b6 Kf7 33.Bf3 Ke7 34.Kf2 Kf7 35.Ke3 Ke7 36.Kd3 Kf7 37.Bd1 Ke7
38.Kc3 Kf7 39.Kb3 Ke7 40.Ka3 Kf7 41.Ba4 Bc8 42.Bc6 Ke7 43.Ka4 g6 44.Kb5 Ng7
45.Bc3 Kd8 46.Nb3 Ne8 47.Bxe8 Kxe8 48.Bd2 Bd7+ 49.Ka5 Kd8 50.Be3 Nc7 51.Bxc5 dxc5
52.Nxc5 Ne8 53.Nxb7+ Kc8 54.Nc5 Nd6 55.Ka6 Be8 56.Ka7 gxf5 57.gxf5 Bh5 58.b7+ Nxb7  1-0

[Event "18th TCh-CRO"]
[Site "Sibenik CRO"]
[Date "2009.09.27"]
[Round "7"]
[White "Markus,Rob"]
[Black "Tratar,M"]
[Result "1-0"]
[WhiteElo "2608"]
[BlackElo "2478"]

1.d4 Nf6 2.c4 e6 3.Nf3 Bb4+ 4.Bd2 Qe7 5.g3 Nc6 6.Bg2 Bxd2+ 7.Nbxd2 d6 8.Nf1 O-O
9.Ne3 d5 10.O-O Rd8 11.Qb3 a5 12.cxd5 exd5 13.Rfc1 Nb8 14.Nd1 c6 15.Nc3 Nbd7
16.e3 Ne8 17.Na4 Nd6 18.Nc5 Nxc5 19.dxc5 Nb5 20.Nd4 Nxd4 21.exd4 Re8 22.Qc3 Bf5
23.Re1 Qc7 24.Re3 Re6 25.Rxe6 Bxe6 26.Rc1 Re8 27.Bf1 Bf5 28.Qd2 h6 29.Rc3 Re6
30.f3 Re8 31.Ra3 Ra8 32.b4 a4 33.Re3 g5 34.Be2 Kg7 35.Bd1 Qd8 36.Ra3 Qf6
37.Rxa4 Re8 38.Ra3 h5 39.Re3 Ra8 40.a4 g4 41.Re5 gxf3 42.Qf4 Be4 43.Qxf6+ Kxf6
44.Rxh5 Re8 45.Kf2 Bc2 46.Bxc2 Re2+ 47.Kxf3 Rxc2 48.b5 Rc3+ 49.Kf4 Rd3 50.Rh6+ Kg7
51.bxc6  1-0

[Event "17th TCh-Eur"]
[Site "Novi Sad SRB"]
[Date "2009.10.22"]
[Round "1"]
[White "Postny,E"]
[Black "Drasko,M"]
[Result "1-0"]
[WhiteElo "2651"]
[BlackElo "2527"]

1.d4 e6 2.c4 Nf6 3.Nf3 Bb4+ 4.Bd2 c5 5.Bxb4 cxb4 6.a3 bxa3 7.Rxa3 Nc6 8.e3 O-O
9.Nc3 d6 10.Be2 e5 11.O-O Bf5 12.Qd2 b6 13.Rd1 a5 14.Qc1 Qb8 15.Nb5 Rd8 16.h3 h6
17.Rb3 Nd7 18.Nh4 Bh7 19.Bg4 Nf6 20.Bf5 g6 21.Bb1 e4 22.f4 Nb4 23.Rf1 Re8
24.g4 Qd8 25.Ng2 Rc8 26.Rc3 Qd7 27.Qd2 d5 28.b3 a4 29.Rcc1 Nd3 30.Bxd3 exd3
31.Qxd3 axb3 32.cxd5 h5 33.g5 Rxc1 34.Rxc1 Ne4 35.Nc3 Nxc3 36.Rxc3 Qxh3 37.Rxb3 h4
38.Qd1 Qf5 39.Nxh4 Qxd5 40.Nf3 b5 41.Kf2 f6 42.gxf6 g5 43.Nxg5 Bg6 44.Rb2  1-0